000 01573nam0a2200409 i 4500
001 RU\NLR\bibl\2078031
005 20241103072044.0
010 _a9785916577631
_92000
021 _aRU
_b2013-69836
_94779
035 _a(nilc)RuMoRGB-006640670
035 _a(NLR Aleph) 002063546
090 _a4692108
_c4692108
100 _a20130909d2013 u y0rusy50 ca
101 1 _arus
_ceng
102 _aRU
105 _aa zzzz|||||
200 1 _aПуть хеджера
_eзаработай или умри
_fБартон Биггс
_gпер. с англ. Натальи Яцюк
210 _aМосква
_cМанн, Иванов и Фербер
_d2013
215 _a343 с.
_cил., табл.
_d25
225 1 _aTradernet
_eбиблиотека инвестора
225 1 _aБольшая библиотека инвестора
300 _aЗагл. и авт. ориг.: A Hedge fund tale / Barton Biggs
320 _aДр. произведения авт. в начале кн.
454 0 _12001#$aA Hedge fund tale
_1700#1$aBiggs$bB.$gBarton$4070
_tA Hedge fund tale
_aBiggs, Barton
606 _aХеджирование
_92184094
_3RU\NLR\AUTH\661313225
610 0 _aхедж-фонды
610 0 _aхеджирование
686 1 _aУ26(0)229.4
700 1 _aБиггс
_bБ.
_gБартон
_4070
801 0 _aRU
_bRuMoRKP
_c20130909
_gRCR
801 2 _aRU
_bРГБ
_c20130917
_grcr
801 1 _aRU
_bRuMoRKP
_c20130909
_2rusmarc
801 2 _aRU
_bNLR
_c20131002
_grcr
942 _cBOOK
980 _aNBR